Los despertares de mujeres mayas en el altiplano de Guatemala: derechos y valores ético culturales mayas /
Zapisane w:
| 1. autor: | |
|---|---|
| Format: | Książka |
| Język: | Spanish |
| Etykiety: |
Dodaj etykietę
Nie ma etykietki, Dołącz pierwszą etykiete!
|
MARC
| LEADER | 00000nam a22000007a 4500 | ||
|---|---|---|---|
| 003 | cru CIDCACS/IIS | ||
| 005 | 20180124093443.0 | ||
| 007 | ta | ||
| 008 | 180119b2013 mx |||||r|||||||| ||spa|d | ||
| 999 | |c 40860 |d 40860 | ||
| 040 | |c cru CIDCACS/IIS | ||
| 100 | 1 | |9 6466 |a Macleod, Morna | |
| 245 | 1 | 4 | |a Los despertares de mujeres mayas en el altiplano de Guatemala: |b derechos y valores ético culturales mayas / |c Morna Macleod |
| 300 | |a páginas 259-297 | ||
| 773 | 0 | |0 40848 |9 1750 |a Sierra, María Teresa |d México: FLACSO ; CIESAS, 2013 |o 18428 |t Justicias indígenas y Estado: |z 9786079275105 | |
| 942 | |2 ddc |c LI | ||



